Effect of Mobile banking on financial performance of savings and credit co-operative societies in Nakuru central busines district, Kenya (Record no. 18746)
[ view plain ]
| 000 -LEADER | |
|---|---|
| fixed length control field | 00467nam a22001217a 4500 |
| 008 - FIXED-LENGTH DATA ELEMENTS--GENERAL INFORMATION | |
| fixed length control field | 210205b xxu||||| |||| 00| 0 eng d |
| 050 ## - LIBRARY OF CONGRESS CALL NUMBER | |
| Classification number | GMB0056 |
| Item number | .K57 2016 c.1 |
| 100 ## - MAIN ENTRY--PERSONAL NAME | |
| Personal name | Kipkurui, Ruto |
| 245 ## - TITLE STATEMENT | |
| Title | Effect of Mobile banking on financial performance of savings and credit co-operative societies in Nakuru central busines district, Kenya |
| Statement of responsibility, etc. | Ruto Kipkurui |
| 260 ## - PUBLICATION, DISTRIBUTION, ETC. (IMPRINT) | |
| Place of publication, distribution, etc. | Kabarak, Nakuru, Kenya |
| Name of publisher, distributor, etc. | Kabarak University |
| Date of publication, distribution, etc. | 2016 |
| 300 ## - PHYSICAL DESCRIPTION | |
| Extent | 80 leaves |
| 942 ## - ADDED ENTRY ELEMENTS (KOHA) | |
| Source of classification or shelving scheme | Library of Congress Classification |
| Koha item type | Thesis, Dissertation and Projecs |
| Withdrawn status | Lost status | Source of classification or shelving scheme | Not for loan | Home library | Current library | Date acquired | Total Checkouts | Full call number | Barcode | Date last seen | Date last checked out | Price effective from | Koha item type |
|---|---|---|---|---|---|---|---|---|---|---|---|---|---|
| Library of Congress Classification | Kabarak, Main Campus | Kabarak, Main Campus | 05/02/2021 | 1 | GMB0056 .K57 2016 c.1 | 029436 | 08/12/2025 | 08/12/2025 | 05/02/2021 | Thesis, Dissertation and Projecs | |||
| Library of Congress Classification | Kabarak, Main Campus | Kabarak, Main Campus | 05/02/2021 | GMB0056 .K57 2016 c.2 | 027268 | 05/02/2021 | 05/02/2021 | Thesis, Dissertation and Projecs |